[Event "London Classic op U1750 9th"]
[Site "London"]
[Date "2017.12.06"]
[Round "3"]
[White "Bernard, Christopher PJ"]
[Black "Kisch, Ehud"]
[Result "1-0"]
[WhiteElo "1516"]
[BlackElo "1338"]
[PlyCount "77"]
[EventDate "2017.12.04"]
[EventType "swiss"]
[EventRounds "5"]
[EventCountry "ENG"]
[SourceTitle "CBM 182 Extra"]
[Source "ChessBase"]
[SourceDate "2018.02.23"]
[SourceVersion "1"]
[SourceVersionDate "2018.02.23"]
[SourceQuality "1"]

1. Nf3 Nf6 2. b4 g6 3. Bb2 Bg7 4. c4 0-0 5. e3 d6 6. Be2 c5 7. b5 a6 8. Nc3 Ne4 9. Qc1 Nxc3 10. Bxc3 Bxc3 11. Qxc3 axb5 12. cxb5 Nd7 13. 0-0 Nb6 14. d4 Na4 15. Qd2 Qa5 16. Rfc1 Bd7 17. Qd3 Bf5 18. Qb3 Be6 19. Bc4 Bxc4 20. Rxc4 Rfc8 21. Ng5 h6 22. Rxa4 c4 23. Rxc4 Rxc4 24. Qxc4 hxg5 25. g3 Qd2 26. a4 Qb2 27. Qa2 Qxa2 28. Rxa2 Rc8 29. a5 Rc1+ 30. Kg2 Rb1 31. a6 bxa6 32. bxa6 Rb8 33. a7 Ra8 34. Kf3 e6 35. Ke4 d5+ 36. Ke5 Kf8 37. Kd6 Ke8 38. Kc7 f5 39. Kb7 1-0

[Event "London Classic op U1750 9th"]
[Site "London"]
[Date "2017.12.05"]
[Round "2"]
[White "Davies, Cledwyn"]
[Black "Kisch, Ehud"]
[Result "1-0"]
[WhiteElo "1551"]
[BlackElo "1338"]
[PlyCount "53"]
[EventDate "2017.12.04"]
[EventType "swiss"]
[EventRounds "5"]
[EventCountry "ENG"]
[SourceTitle "CBM 182 Extra"]
[Source "ChessBase"]
[SourceDate "2018.02.23"]
[SourceVersion "1"]
[SourceVersionDate "2018.02.23"]
[SourceQuality "1"]

1. e4 c5 2. Nc3 Nc6 3. g3 g6 4. Bg2 Bg7 5. Nge2 e6 6. 0-0 Nge7 7. d3 0-0 8. Be3 Rb8 9. Bxc5 d6 10. Be3 b5 11. d4 b4 12. Na4 a5 13. b3 Qc7 14. Rc1 Ba6 15. Re1 Rfd8 16. c4 bxc3 17. Rxc3 Qd7 18. Rc2 Nb4 19. Rd2 Bb7 20. d5 exd5 21. exd5 Qb5 22. Nec3 Bxc3 23. Nxc3 Qd7 24. Bg5 Re8 25. Rde2 Nexd5 26. Nxd5 Rxe2 27. Nf6+ 1-0